| 000 | 00702nam a2200205 a 4500 | ||
|---|---|---|---|
| 001 | 000042538 | ||
| 005 | 20201002040224.0 | ||
| 008 | 131211s1996 sp a 000 0 spa d | ||
| 020 | _a8437614333 | ||
| 040 |
_aDO-SdBNP _bspa _cBNPHU |
||
| 100 | 1 |
_aÉvora, José Antonio _969764 |
|
| 245 | 1 | 0 |
_aTomás Gutiérrez Alea. / _cJosé Antonio Évora. |
| 260 |
_aMadrid, : _bCátedra _bFilmoteca Española, _c1996. |
||
| 300 |
_a254 p. : _bil. ; _c18 cm. |
||
| 490 | 1 | _aSigno e imagen,Cineastas Latinoamericanos | |
| 490 | 1 |
_aSigno e imagen, Cineastas _v28 |
|
| 504 | _aBibliografía p: 239-252 | ||
| 830 | 0 |
_aSigno e imagen _pCineastas Latinoamericanos _969765 |
|
| 830 | 0 |
_aSigno e imagen _pCineastas _v28 _969766 |
|
| 999 |
_c42027 _d42027 |
||